00494nam a2200181 a 450000100060000000300090000600800410001502000150005604000280007108200170009910000280011624500310014425000060017526000470018130000110022849000510023965000220029011519CO-ViMGA141112s2004 ck r 000 u spa d a9581401253 aCO-ViMGAbspacCO-ViMGA04aCo863.6 Z16f1 aZapata Olivella, Manuel10aEl fusilamiento del diablo a1 aBogotá, cPlaza y Janes editores, c1986 a209 p. aSelección cultural Colombiana, literatura 3814aNOVELA COLOMBIANA